00726cam a22002531 4500001001300000003000400013005001700017008004100034010001700075035002000092040001800112042001200130050001800142100002600160245005200186260001100238300004300249500004800292500001400340504003100354600003500385700003500420999001700455sa 68013959 DLC20260227112627.0890811s1968 ii ac b 000 0 hino  asa 68013959  a(OCoLC)20162294 aDLCcWaUdDLC apremarc00aDS481.B59bM51 aMishra, Anant,d1922-10aViplavī Mahānāyaka Rāsabihārī Basu. c[1968] a2, 2, 6, 80 p.billus., ports.c22 cm. aIncludes some speeches of Rash Behari Bose. aIn Hindi. aBibliographical footnotes.10aBose, Rash Behari,d1886-1945.1 aBose, Rash Behari,d1886-1945. c85469d85469